[Event "WWRR Tienkampen 2020"]
[Site "Wachtebeke"]
[Date "2020.02.22"]
[Round "1.1"]
[White "Soubirou, Oriane"]
[Black "Roels, Frederik"]
[Result "1-0"]
[WhiteElo "2142"]
[BlackElo "1935"]
[Annotator "TA"]
[PlyCount "143"]
[EventDate "2020.02.22"]
[EventType "swiss"]
[EventCountry "BEL"]
[SourceTitle "playchess.com"]
[Source "ChessBase"]
[SourceQuality "1"]

{[%evp 9,143,18,27,31,38,28,33,27,33,27,35,46,39,39,42,25,31,29,47,51,55,35,65,60,68,68,60,68,68,68,56,63,90,51,58,0,1,0,0,0,0,0,0,0,0,0,0,0,0,0,59,33,41,9,9,0,54,54,57,47,86,61,214,214,179,61,61,61,61,61,61,28,61,61,61,61,100,61,121,121,1133,1126,1019,1006,1131,1129,1115,1093,1033,1033,784,114,622,283,1097,1060,5181,114,5089,7855,2564,2331,6853,4274,4978,3166,1897,1199,1134,1308,12667,1622,11811,12843,12840,7812,29966,29965,29961,11991,29976,29977,29978,29979,29978,29976,29967,29969,29980,29981,29984,29985,29984,29984,29991,29992]} 1. e4 c5 2. Nf3 d6 3. d4 cxd4 4. Qxd4 a6 5. h3 Nc6 6. Qe3 {B53: Sicilian: 2...d6: Lines with Qxd4.} g6 7. c4 Bh6 8. Qc3 {White is slightly better.} Qa5 $1 9. Bxh6 {[#]} Qxc3+ $146 ({Predecessor:} 9... Nxh6 10. Qxa5 Nxa5 11. Nc3 Be6 12. Nd5 Kf8 13. Be2 Rc8 14. b3 Nc6 15. O-O Kg7 {½-½ (26) Sebag,M (2496)-Edouard,R (2636) Cap d'Agde 2015}) 10. Nxc3 {Bg7 is the strong threat.} Nxh6 11. Be2 f6 12. O-O Nf7 13. Nd5 {Strongly threatening Nc7+.} O-O 14. Rfd1 Rb8 15. Rac1 Be6 16. Nd4 Bxd5 17. cxd5 Nxd4 18. Rxd4 Rfc8 19. Rdc4 Rxc4 20. Rxc4 $14 {[%mdl 4096] Endgame KRB-KRN} Kf8 21. Rc7 Ke8 22. Bg4 (22. f4 $14) 22... Ne5 $11 23. Rc8+ Rxc8 24. Bxc8 {KB-KN} a5 25. Bxb7 Nd3 26. Kf1 Nxb2 27. Ke2 Kd8 28. Bc6 Nc4 29. Bb5 Ne5 ({Black should play} 29... Na3 $11 30. Bd3 Kc7) 30. Ke3 Nd7 31. Kd4 {Hoping for Bxd7.} (31. Bxd7 $5 Kxd7 32. Kd4 $14) 31... Nc5 $1 32. f4 e5+ (32... g5 $11) 33. dxe6 $1 $14 Nxe6+ 34. Ke3 h6 35. Bc4 Ng7 $2 (35... Nc7 $14) 36. Bf7 $18 g5 {[#]} 37. fxg5 (37. f5 $1 $18) 37... fxg5 $14 38. Kd4 Ke7 39. Bc4 Kd7 40. Bd5 Nh5 41. e5 dxe5+ 42. Kxe5 Ke7 {White stays focused until the end.} 43. Kf5 Nf4 {[#]} (43... Ng3+ $14 44. Kg6 Kd6) 44. Bf3 $1 $16 Kf7 $2 {[%mdl 8192] [#]} (44... Ne6 $16 45. Kg6 Nd4) 45. h4 $1 $18 {[%cal Rh4g5][%mdl 512]} Nd3 (45... gxh4 46. Kxf4) 46. hxg5 hxg5 47. Kxg5 Kg7 48. Bd5 Nb4 49. Be6 Nc2 50. g4 $2 (50. Bb3 $18 {and White stays clearly on top.} Nb4 51. a3) 50... Nd4 $2 {[%mdl 8192]} (50... a4 $16 51. Bf5 Nd4) 51. Bd5 (51. Bb3 $142 Ne2 52. Bc2) 51... a4 $2 (51... Nc2 52. Be4 Nd4) 52. Kf4 a3 53. Ke4 $2 (53. Ke3 $18 {is the precise move to win.} Nc2+ 54. Kf4) 53... Nb5 $2 {[%mdl 8192]} (53... Nc2 $16 54. Kf4 Nb4) 54. Kd3 Kf6 55. Kc4 Nc7 56. Bc6 Ke7 57. Kb4 Kd6 58. Bb7 Ne6 59. Kxa3 Ke5 60. Bc8 (60. Kb4 $142 Kd6 61. a4) 60... Nf4 61. Kb4 Nd5+ 62. Kb3 Nb6 63. Bf5 Nd5 64. a4 {[%cal Ba2a4,Ba4a5,Ba5a6][%mdl 32]} Ne7 65. Kc4 {White mates.} Nc6 66. Kb5 Kd6 67. Kb6 Ne5 68. a5 Nc4+ 69. Kb5 Ne3 70. a6 Kc7 71. Be6 Kb8 72. Kb6 {Accuracy: White = 73%, Black = 50%.} 1-0

[Event "WWRR Tienkampen 2020"]
[Site "Wachtebeke"]
[Date "2020.02.22"]
[Round "1.2"]
[White "Bishoen, Bob"]
[Black "Achtergaele, Koen"]
[Result "0-1"]
[WhiteElo "1965"]
[BlackElo "2071"]
[Annotator "TA"]
[PlyCount "56"]
[EventDate "2020.02.22"]
[EventType "swiss"]
[EventCountry "BEL"]
[SourceTitle "playchess.com"]
[Source "ChessBase"]
[SourceQuality "1"]

{[%evp 9,56,12,33,-27,28,-28,13,-82,20,-2,12,-16,-5,-25,-7,-37,-18,-13,-15,-39,-29,-36,-24,-47,-47,-35,-49,-57,-32,-34,12,-49,-56,-79,-83,-72,-108,-202,-196,-193,-189,-190,-127,-174,-189,-193,-184,-676,-676]} 1. Nf3 d5 2. c4 e6 3. g3 c5 4. Bg2 Nf6 5. O-O Nc6 6. Nc3 {A30: Symmetrical English: Double Fianchetto and Hedgehog.} (6. cxd5 $14 exd5 7. d4) 6... Be7 ({Better is} 6... d4 7. Nb1 h6) 7. e3 ({White should play} 7. cxd5 exd5 8. d4) 7... O-O {[#]} 8. Re1 $146 (8. cxd5 $11 exd5 9. d4) ({Predecessor:} 8. cxd5 exd5 9. d4 Bg4 10. dxc5 Bxc5 11. h3 Bh5 12. g4 Bg6 13. a3 Qd7 14. b4 Bb6 15. Bb2 Rad8 16. Ne2 Ne4 17. Nfd4 Rfe8 18. Nf4 Ne5 19. Nxg6 Nxg6 {0-1 (48) Luthardt,A (1604)-Daum,M (1918) Schney 2020}) 8... a6 (8... dxc4 $17 9. b3 cxb3 10. axb3 e5) 9. b3 Qc7 10. Bb2 d4 11. exd4 cxd4 12. Ne4 e5 13. Nxf6+ Bxf6 14. Qc2 d3 15. Qb1 Bf5 16. Bc3 e4 17. Nh4 Bxh4 $1 18. gxh4 Qf4 19. Re3 Qxh4 20. Qb2 (20. Qe1 $1 $11) 20... f6 $15 21. Rae1 {[%cal Rg2e4]} Rfe8 22. f3 {[%cal Rf3e4] [#]} exf3 $1 {[%mdl 512]} 23. Rxe8+ (23. Bxf3 $17 Qxe1+ 24. Rxe1 Rxe1+ 25. Kf2) (23. Rxf3 Rxe1+) 23... Kf7 $19 {( -> ...Qg5)} 24. Bxf3 Rxe8 25. Rxe8 Kxe8 $40 {[%mdl 128] White is in trouble.} 26. Qa1 Be4 27. Qf1 {[#]} Qg5+ $1 28. Kh1 $2 (28. Kf2 Nd4 {[%mdl 64] Deflection} 29. Bxd4 Qxd2+ {[%mdl 64] Double Attack} 30. Kg3 Qg5+ 31. Kf2 Bxf3 32. Qxd3 Qg2+ 33. Ke3) 28... Qf5 {Accuracy: White = 46%, Black = 68%.} 0-1

[Event "WWRR Tienkampen 2020"]
[Site "Wachtebeke"]
[Date "2020.02.22"]
[Round "1.3"]
[White "Verduyn, Frederic"]
[Black "Vandendriessche, Jan"]
[Result "1/2-1/2"]
[WhiteElo "2096"]
[BlackElo "2067"]
[Annotator "TA"]
[PlyCount "36"]
[EventDate "2020.02.22"]
[EventType "swiss"]
[EventCountry "BEL"]
[SourceTitle "playchess.com"]
[Source "ChessBase"]
[SourceQuality "1"]

{[%evp 13,36,28,51,28,37,26,52,69,64,56,57,42,77,83,265,271,344,334,369,345,289,187,468,444,576]} 1. e4 g6 2. d4 Bg7 3. Nf3 d6 4. Nc3 a6 5. a4 b6 6. Bc4 e6 7. O-O Ne7 8. Bf4 {B06: Modern Defence.} h6 9. Qd2 Nd7 10. Rad1 {White is slightly better.} Bb7 11. h3 Nf6 12. Rfe1 Qd7 {[#]} 13. d5 $146 ({Predecessor:} 13. Bb3 b5 14. axb5 axb5 15. d5 e5 16. Bxe5 dxe5 17. Nxe5 Qd8 18. d6 Qxd6 19. Qxd6 cxd6 20. Nxf7 {½-½ (43) Kyc,J (2251)-Bielinski,D (2073) Polanica Zdroj 2017}) 13... e5 $2 {[#]} (13... exd5 $16 {was worth a try.} 14. exd5 Kf8) 14. Bxe5 $1 $18 {[%mdl 512]} dxe5 15. Nxe5 Qd6 {[#]} 16. Nxf7 $1 {[%mdl 512]} Qc5 (16... Kxf7 17. e5) 17. Ba2 ({But not} 17. Nxh8 $6 Qxc4 18. e5 Nfxd5 $18) 17... Kxf7 $2 (17... O-O {was called for.}) 18. d6+ {[%mdl 64] Discovered Attack} Kf8 {[%mdl 32768] Black did not feel at home in the position after the opening. Accuracy: White = 84%, Black = 31%. . An unexpected result.} 1/2-1/2

[Event "WWRR Tienkampen 2020"]
[Site "Wachtebeke"]
[Date "2020.02.22"]
[Round "1.4"]
[White "Van Foreest, Machteld"]
[Black "Woolacott, Samuel"]
[Result "1-0"]
[WhiteElo "2075"]
[BlackElo "1947"]
[Annotator "TA"]
[PlyCount "63"]
[EventDate "2020.02.22"]
[EventType "swiss"]
[EventCountry "BEL"]
[SourceTitle "playchess.com"]
[Source "ChessBase"]
[SourceQuality "1"]

{[%evp 9,63,49,58,31,33,36,39,35,40,7,24,17,22,0,7,0,5,-8,12,0,0,-20,8,0,0,-15,10,0,0,-34,19,0,77,77,81,70,82,83,68,0,202,119,156,115,102,123,272,272,708,-29,-28,-19,1446,1423,1254,1249]} 1. e4 e6 2. d4 d5 3. Nd2 Be7 4. Bd3 Nf6 5. e5 Nfd7 6. Ne2 {C03: French Tarrasch: Unusual Black 3rd moves.} c5 7. c3 b6 8. Nf3 {White is slightly better.} Ba6 9. Be3 Bxd3 10. Qxd3 Nc6 11. O-O {[#]} Rc8 $146 ({Predecessor:} 11... c4 12. Qd2 b5 13. Bg5 Nb6 14. Ng3 Bxg5 15. Nxg5 h6 16. Nh3 g6 17. f3 Kd7 {0-1 (64) Gioras,I (1669)-Dirlis,N (1908) Thessaloniki/Halkidiki 2019}) 12. Rac1 O-O 13. Bd2 c4 14. Qe3 b5 15. Qf4 a5 16. Qg4 Kh8 17. Nf4 Rg8 18. Nh3 {Nfg5 is the strong threat.} Qe8 19. Nfg5 {Threatens to win with Qh5!} g6 (19... f5 $15 20. Qg3 Bxg5 21. Nxg5 h6) 20. f4 h5 (20... h6 $11 21. Nf3 Qd8) 21. Qf3 $16 Kg7 22. f5 gxf5 23. Qg3 {And now Nxe6+ would win.} Kh8 24. Qf3 (24. Qh4 $14 f6 25. Nxe6) 24... f6 $2 (24... Kg7 $1 $11 {and Black stays safe.}) 25. Nxe6 (25. exf6 $18 {Hoping for f7!} Nxf6 26. Nxe6) 25... fxe5 26. Qxf5 $40 {[%mdl 128] Strongly threatening Nhg5. White wants a kill.} ({Much weaker is} 26. Qxd5 $6 Nf6 $14) 26... Qg6 {[%csl Gg8][%cal Rg6g2]} 27. Nhg5 Bf6 (27... Qxf5 $16 28. Rxf5 Rg6) 28. Qh3 $18 {aiming for Rf5.} exd4 $2 (28... Bxg5 29. Nxg5 Rg7) 29. Nf4 $2 (29. Rf5 $18 {Intending Nf7+! and mate.} Rcf8 30. Nxf8 Rxf8 31. Ne6 dxc3 32. Rxh5+ Kg8 33. Bxc3) 29... Qxg5 $11 30. Nxh5 Qh4 $2 {[%mdl 8192] [#]} (30... Qg4 $11 31. Qxg4 Rxg4 32. Nxf6 Nxf6 33. Rxf6 b4) 31. Rxf6 $1 $18 {[%cal Rf6h6][%mdl 512]} Rxg2+ (31... Nxf6 32. Qxh4) 32. Qxg2 {Accuracy: White = 68%, Black = 56%.} 1-0

[Event "WWRR Tienkampen 2020"]
[Site "Wachtebeke"]
[Date "2020.02.22"]
[Round "1.5"]
[White "Barzeele, Raf"]
[Black "Hamblok, Roel"]
[Result "0-1"]
[WhiteElo "1954"]
[BlackElo "2238"]
[Annotator "TA"]
[PlyCount "70"]
[EventDate "2020.02.22"]
[EventType "swiss"]
[EventCountry "BEL"]
[SourceTitle "playchess.com"]
[Source "ChessBase"]
[SourceQuality "1"]

{[%evp 12,70,36,41,33,20,2,-4,0,0,12,-26,0,-8,5,17,10,14,26,27,28,-15,-2,-4,-4,-15,-9,-16,0,-20,-15,-29,-22,-62,-48,-75,-66,-71,-59,-62,0,-72,-61,-175,-187,-174,-186,-184,-184,-168,-170,-170,-169,-178,-179,-287,-218,-200,-204,-197,-210]} 1. c4 e6 2. g3 d5 3. Bg2 Nf6 4. Nf3 dxc4 5. O-O c5 6. Na3 Nc6 7. Nxc4 Be7 {A13: English Opening: 1...e6.} 8. Nfe5 Nxe5 9. Nxe5 O-O {The position is equal.} 10. d3 {[#]} Nd5 $146 ({Predecessor:} 10... Nd7 11. Nxd7 Qxd7 12. Be3 Rb8 13. d4 c4 14. d5 exd5 15. Qxd5 Qa4 16. b3 Qa3 17. Qxc4 Be6 18. Qc1 Qa6 19. Bd4 Qxe2 20. Qc7 Ba3 21. Rfe1 Qa6 22. Qe5 {1-0 (22) Gourlay,I (2349)-Eggleston,D (2341) Coulsdon 2007}) 11. a4 Bf6 (11... Qc7 $5 {[%cal Rc7e5]} 12. f4 b6 $11) 12. Nc4 Re8 13. Bd2 Rb8 14. e4 Nc7 15. e5 Be7 16. Bc3 Nd5 17. Qe2 b6 18. Rfd1 Bb7 19. Be4 Bf8 20. Qc2 h6 21. b3 Qd7 22. Re1 Red8 23. Rad1 Rbc8 24. Kf1 Bc6 25. Kg1 Bb7 26. Kf1 Qc7 27. Bxd5 ({White should try} 27. Ba1 $15) 27... exd5 $19 ({Much less strong is} 27... Rxd5 28. f3 $17) 28. Nd6 d4 29. Nxb7 Qxb7 30. Bd2 Qh1+ 31. Ke2 Qxh2 {...Re8 is the strong threat.} 32. Rh1 Qg2 33. Rh4 (33. Rdg1 {was called for.} Qd5 34. f4) 33... Qd5 34. Re4 Re8 {aiming for ...f5.} 35. Qc4 Rxe5 {Accuracy: White = 64%, Black = 91%.} 0-1

[Event "WWRR Tienkampen 2020"]
[Site "Wachtebeke"]
[Date "2020.02.22"]
[Round "2.1"]
[White "Roels, Frederik"]
[Black "Hamblok, Roel"]
[Result "0-1"]
[WhiteElo "1935"]
[BlackElo "2238"]
[Annotator "TA"]
[PlyCount "152"]
[EventDate "2020.02.22"]
[EventType "swiss"]
[EventCountry "BEL"]
[SourceTitle "playchess.com"]
[Source "ChessBase"]
[SourceQuality "1"]

{[%evp 15,152,0,0,-8,-9,-36,-32,-48,-29,-105,-106,-116,-122,-117,-112,-132,-126,-161,-152,-161,-168,-160,-144,-154,-154,-157,-151,-190,-139,-155,-147,-146,-141,-139,-140,-183,-159,-187,-188,-179,-138,-149,-147,-132,-140,-141,-124,-124,-123,-203,-212,-187,-189,-184,-162,-162,-162,-162,-162,-147,-136,-136,-86,-86,-86,-86,-86,-86,-86,-86,-86,-86,-86,-86,-86,-86,-86,-86,-86,-108,-108,-108,-108,-12850,-5632,-29955,-29956,-29942,-11697,-5708,-5435,-1358,-108,-108,-108,-108,-82,-100,-108,-108,-8,-10,-51,-5289,-4347,-828,0,0,0,-8,-8,-120,-120,-120,-120,-29983,-29984,-29984,-29985,-29986,-29987,-29989,-29975,-29974,-29972,-29975,-29977,-29977,-29978,-29978,-29979,-29979,-29980,-29980,-29981,-29980,-29981,-29984,-29985]} 1. d4 Nf6 2. c4 e6 3. Nf3 d5 4. cxd5 exd5 5. Nc3 c6 6. Bg5 Be7 7. Qc2 g6 8. e3 Bf5 9. Qb3 {Threatens to win with Bxf6. D36: Queen's Gambit Declined: Exchange Variation: Main line (5 Bg5 c6 6 Qc2).} Qb6 10. Qxb6 axb6 11. h3 {[#] Black is slightly better.} Nbd7 $146 ({Predecessor:} 11... b5 12. g4 Be6 13. Bd3 Nbd7 14. Bf4 Nb6 15. Ke2 b4 16. Nd1 O-O 17. Nd2 Ra7 18. Nb3 Rfa8 19. Nc1 Nc4 20. Rb1 Rd8 {½-½ (20) Akshat,K (2296)-Faisal,A (2175) Abu Dhabi 2005}) 12. Kd2 (12. Bh6 $11 {keeps the balance.}) 12... b5 $17 {[%cal Bb6b5,Bb5b4][%mdl 32] Hoping for ...b4.} 13. Bd3 b4 14. Nd1 Be6 15. Bh6 Ne4+ 16. Bxe4 dxe4 17. Ng5 Bd5 (17... Rxa2 18. Rxa2 Bxa2 19. Nxe4 $15) 18. f3 Bxg5 ({But not} 18... Rxa2 19. Rxa2 Bxa2 20. fxe4 $15) 19. Bxg5 exf3 20. gxf3 Bxf3 21. Rg1 Bxd1 (21... f6 $19 22. Bf4 Nb6) 22. Rgxd1 f5 23. Rdc1 Nb6 24. a3 bxa3 25. bxa3 Nd5 26. Rab1 h6 (26... Rxa3 27. Rxb7 Ra2+ 28. Kd3 $11) 27. Bf4 Nxf4 ({Inferior is} 27... Rxa3 28. Rxb7 O-O 29. Rxc6 $11) 28. exf4 $19 {[%mdl 4096] Endgame KRR-KRR} O-O-O ({And not} 28... Rxa3 29. Rxb7 O-O 30. Rxc6 $11) 29. Kc3 Rhe8 {...Re3+ is the strong threat.} 30. Re1 Kc7 31. Re5 Ra8 32. Kb3 (32. Rxe8 $17 Rxe8 33. Rg1) 32... Rxe5 $1 33. dxe5 {KR-KR} g5 34. Rg1 gxf4 35. Rg7+ Kb6 {aiming for ...Re8.} 36. Rf7 Rg8 37. Rxf5 Rg3+ 38. Kb4 Rxh3 39. Rxf4 Re3 40. Rh4 Rxe5 {Strongly threatening ...h5.} 41. Rxh6 Re4+ 42. Kb3 Kb5 43. Rh7 Re3+ 44. Kb2 b6 45. Rh2 c5 46. Rh8 Rd3 47. Rc8 Kc4 48. Rh8 Rd2+ 49. Kb1 $2 {[%mdl 8192]} (49. Kc1 $17 Ra2 50. Rh3 {[%mdl 64] Decoy}) 49... Kb3 $1 {[%cal Rd2d1]} 50. Rh3+ Ka4 $1 51. Rc3 Rh2 (51... Re2 $142 52. Ka1 Rh2 53. Kb1 Rh5 54. Re3 c4 55. Kc2 Rh2+ 56. Kc3 b5 57. Rg3 Ra2 58. Rg1 Rxa3+ 59. Kd4 c3 60. Kd3 b4 61. Rb1 Kb5 62. Rc1 Ra8 63. Ke2 Rd8 64. Kf2 Kc4 65. Rg1 b3 66. Rh1 b2 67. Rh4+ Rd4 68. Rh8 b1=Q 69. Rc8+ Kd3 70. Rh8 Rf4+ 71. Kg2 Qf1+ 72. Kg3 Rf3+ 73. Kh4 Qh3+ 74. Kg5 Qg2+ 75. Kh6 Rh3#) 52. Ka1 Kb5 53. Rb3+ Kc6 $2 (53... Ka5 $19 54. Rc3 Rh5) 54. Rg3 $17 Rd2 55. Rh3 b5 56. Rh5 Kb6 57. Kb1 c4 (57... Rf2 $17 {White must now prevent ...Re2.} 58. Rh8 Kc6 59. Rh6+ Kd5) 58. Rh8 $11 Kc5 59. Rc8+ $2 {[%mdl 8192]} (59. Rh5+ $15 Rd5 60. Rh2) 59... Kd4 $19 60. Rb8 {[#]} Rd3 $2 ({Black should try} 60... Kd3 $1 $19 61. Rxb5 Rd1+ 62. Ka2 c3 63. Rd5+ Ke2) 61. Rxb5 $11 Rxa3 62. Rh5 Rg3 63. Ra5 (63. Kc2 $11) 63... Kd3 $17 {And now ...Rg1+ would win.} 64. Rd5+ Kc3 65. Rd1 $2 {[%mdl 8192]} (65. Rc5 $17) 65... Kb3 {Black mates.} 66. Rf1 Rg2 67. Kc1 c3 68. Kd1 Ra2 69. Rf8 Ra1+ 70. Ke2 c2 71. Rb8+ Ka2 72. Ra8+ Kb2 73. Rb8+ {[#]} Kc1 $1 74. Rb7 Rb1 75. Rh7 Rb8 76. Rg7 Kb2 {Accuracy: White = 69%, Black = 82%.} 0-1

[Event "WWRR Tienkampen 2020"]
[Site "Wachtebeke"]
[Date "2020.02.22"]
[Round "2.2"]
[White "Woolacott, Samuel"]
[Black "Barzeele, Raf"]
[Result "0-1"]
[WhiteElo "1947"]
[BlackElo "1954"]
[Annotator "TA"]
[PlyCount "109"]
[EventDate "2020.02.22"]
[EventType "swiss"]
[EventCountry "BEL"]
[SourceTitle "playchess.com"]
[Source "ChessBase"]
[SourceQuality "1"]

{[%evp 20,109,54,58,77,73,78,62,71,52,59,51,47,31,28,23,45,37,38,36,39,37,33,0,33,38,55,52,77,63,100,65,122,117,123,123,120,104,113,111,104,102,92,116,149,70,143,63,95,58,118,55,141,141,141,141,191,172,183,169,170,156,191,130,246,131,134,112,112,112,144,139,369,383,631,606,588,574,335,321,1560,914,1391,895,2466,1102,1196,1091,1118,1033,987,322]} 1. d4 Nf6 2. c4 g6 3. Nc3 c5 4. d5 d6 5. e4 Bg7 6. Bd3 O-O 7. h3 Re8 8. Nf3 Na6 9. O-O Nc7 10. Re1 e6 11. a4 {[%cal Ba2a4,Ba4a5][%mdl 32] 11.a4 was played by the boomers.} a6 {E90: King's Indian: Classical: Early deviations and 6 h3.} 12. a5 Rb8 13. Na4 {[#]} Bd7 $146 {White is slightly better.} ({Predecessor:} 13... Nd7 14. Bg5 Bf6 15. Bf4 b5 16. axb6 Nxb6 17. e5 Be7 18. exd6 Bxd6 19. Ne5 Qf6 {0-1 (47) Handke,F (2518)-Iturrizaga Bonelli,E (2603) Barcelona 2011}) 14. Bd2 exd5 15. cxd5 Bb5 16. Bc3 Bxd3 17. Qxd3 Nb5 18. Nb6 Nd7 19. Bxg7 Kxg7 20. Nc4 f6 21. Ra4 Rc8 22. Na3 Nxa3 23. Qxa3 Ne5 24. Nd2 g5 25. Nc4 Re7 (25... Nxc4 $14 26. Rxc4 Re7) 26. Ne3 $1 $16 Rec7 27. Nf5+ Kh8 28. h4 Qd7 29. hxg5 fxg5 30. Ra1 Rg8 31. Qc3 Rg6 32. b3 (32. b4 $16) 32... Kg8 {[#]} (32... Rc8 $14) 33. R4a2 (33. b4 $1 $16) 33... Rf6 34. f3 Qd8 (34... h5 $14) 35. g3 (35. Qe3 $16) 35... Rg6 (35... g4 $14) 36. Kg2 Qf8 37. Rh1 h6 38. Rf2 Rf7 39. g4 Rh7 40. Kg3 Rf6 41. Rfh2 (41. Rb2 $18) 41... Kf7 (41... Kh8 $16 42. Kf2 Rg6) 42. Rh5 ({Better is} 42. b4 $18 {Threatens to win with bxc5.} c4 43. Kg2) 42... Kg8 43. R1h2 Rg6 44. Qa1 Rf6 45. Qh1 $36 {[%mdl 2048] Strongly threatening Rxg5+! White is in control.} Rg6 $2 {Now Black is done in.} (45... Nf7 $16 {was necessary.} 46. R2h3 Rg6) 46. Rxh6 $18 Rgxh6 $2 (46... Rhxh6 47. Rxh6 (47. Nxh6+ Rxh6 48. Rxh6 Qf4+ 49. Kh3 Nxf3 $11) 47... Qf6) 47. Rxh6 Rxh6 48. Nxh6+ Kg7 {intending ...Qf4+.} 49. Nf5+ Kg6 $2 (49... Kg8 50. Qh5 Qf6 51. Qe8+ Kh7 52. Qh5+ Kg8 53. Qe8+ Kh7) 50. Qh5+ {White is clearly winning.} Kf6 51. Qh7 Nf7 52. Kf2 (52. f4 $142 Nh8 {[#]} 53. e5+ $1 {[%mdl 512]} dxe5 54. fxg5+ Kxg5 55. Qh5+ Kf6 56. g5+ Kxf5 57. Qf3+ Kxg5 58. Qxf8) 52... Ne5 53. Qxb7 Nf7 54. Qd7 {[%csl Gd5][%cal Rd7e6]} Kg6 55. Qe6+ $2 {[%mdl 32768] Accuracy: White = 66%, Black = 50%. . Loss on time!?} (55. Ke3 Qh8 56. Ne7+ Kh7 57. Qf5+ {[%mdl 64] Double Attack} Kg7 58. Qe6) 0-1

[Event "WWRR Tienkampen 2020"]
[Site "Wachtebeke"]
[Date "2020.02.22"]
[Round "2.3"]
[White "Vandendriessche, Jan"]
[Black "Van Foreest, Machteld"]
[Result "0-1"]
[WhiteElo "2067"]
[BlackElo "2075"]
[Annotator "TA"]
[PlyCount "64"]
[EventDate "2020.02.22"]
[EventType "swiss"]
[EventCountry "BEL"]
[SourceTitle "playchess.com"]
[Source "ChessBase"]
[SourceQuality "1"]

{[%evp 17,64,0,0,1,8,0,48,49,68,69,75,73,77,77,94,75,133,65,95,65,85,93,87,47,75,75,86,34,112,55,70,-313,-310,-295,-293,-298,0,0,36,19,290,-357,-370,-491,-354,-971,-896,-1375,-1354]} 1. Nf3 d5 2. g3 Nf6 3. Bg2 e6 4. O-O Be7 5. d3 O-O 6. Nbd2 c5 7. e4 Nc6 8. Re1 b5 9. exd5 exd5 10. a4 {[%cal Ba2a4,Ba4a5][%mdl 32] C00: French: Unusual White 2nd moves.} b4 11. d4 {[#]} Qb6 $146 {[#]} ({Predecessor:} 11... Bg4 12. dxc5 Bxc5 13. Nb3 Bb6 14. h3 Bh5 15. Bg5 a5 16. Qd3 h6 17. Be3 Rc8 18. Bxb6 Qxb6 {1-0 (33) Tkachiev,V (2649)-Jakovenko,D (2713) Khanty-Mansiysk 2013}) 12. a5 $1 {[%mdl 512] White is slightly better.} Qc7 (12... Nxa5 13. Rxe7) 13. dxc5 $1 Bg4 14. Nb3 Qd7 15. Be3 Rfe8 16. Qe2 Rad8 (16... Ne4 $142) 17. Rad1 (17. Qa6 $16) 17... Qf5 18. Qd3 Qh5 19. Bf4 Ne4 20. h4 Bf6 21. Rb1 {Nh2 is the strong threat.} Bf5 22. Qb5 (22. Qa6 $16 Bd7 23. Red1) 22... Re6 (22... Bd7 $14) 23. Nh2 ({White should play} 23. Bd6 $16 Rc8 24. Qb7 Rxd6 25. cxd6 Nxd6 26. Qa6) 23... Bd4 $14 24. Rf1 $2 {[%mdl 8192]} (24. Be3 $14 {keeps the upper hand.} Bxe3 25. Rxe3) 24... Bxf2+ $1 $19 25. Rxf2 Nxf2 26. Kxf2 a6 $2 (26... Bxc2 $19 27. Re1 Rxe1 28. Kxe1 Ne5) 27. Qb6 $1 $11 {Black must now prevent Nd4!} ({Much worse is} 27. Qxa6 Bxc2 28. Re1 Nb8 $17) 27... Qe2+ $1 28. Kg1 {aiming for Nd4!} Bxc2 $2 {[%mdl 8192] [#]} (28... Qxc2 $11 29. Nd2 Rde8) 29. Bf3 $4 {[%mdl 8192]} (29. Nd4 $1 $18 {[%cal Rd4e2][%mdl 512] was the only winning move.} Nxd4 30. Qxd8+ {[%mdl 64] Double Attack} Re8 31. Qxd5) 29... Qd3 $19 30. Bg4 Bxb3 (30... Bxb1 $2 31. Bxe6 fxe6 32. Qxc6 $19) 31. Bxe6 $2 (31. Rf1 Rf6 32. Rf2) 31... Qxb1+ {[%mdl 64] Double Attack} 32. Kg2 Qe4+ {[%mdl 64] Double Attack. Accuracy: White = 38%, Black = 53%.} 0-1

[Event "WWRR Tienkampen 2020"]
[Site "Wachtebeke"]
[Date "2020.02.22"]
[Round "2.4"]
[White "Achtergaele, Koen"]
[Black "Verduyn, Frederic"]
[Result "0-1"]
[WhiteElo "2071"]
[BlackElo "2096"]
[Annotator "TA"]
[PlyCount "40"]
[EventDate "2020.02.22"]
[EventType "swiss"]
[EventCountry "BEL"]
[SourceTitle "playchess.com"]
[Source "ChessBase"]
[SourceQuality "1"]

{[%evp 9,40,24,38,6,17,0,12,7,24,-16,0,-17,12,14,37,43,48,11,17,-122,-124,-125,-133,-164,-147,-460,-445,-454,-450,-539,-525,-533,-522]} 1. d4 d6 2. Nf3 Bg4 3. Qd3 Nd7 4. e4 e6 5. Nbd2 Ngf6 {[#]} 6. Be2 $146 {A41: 1 d4 d6: Tartakower System and Modern Defence.} ({Predecessor:} 6. h3 Bh5 7. g4 Bg6 8. Nh4 c5 9. c3 cxd4 10. cxd4 d5 11. Nxg6 dxe4 12. Nxe4 hxg6 13. Nxf6+ Nxf6 {1-0 (57) Pliva,V-Soukup,V Czechia 1995}) 6... Be7 7. O-O O-O 8. Re1 {The position is equal.} Bh5 9. h3 Bg6 10. Qe3 d5 {[%cal Rd5e4]} 11. Bd3 c5 12. e5 Ne8 13. c3 cxd4 14. Nxd4 {[#]} (14. cxd4 $11 a5 15. Nb1) 14... Nxe5 $1 $17 {[%mdl 512]} 15. Bb5 (15. Qxe5 Bxd3) 15... Bd6 16. f4 Nd7 17. Nxe6 $2 {[%mdl 8192] This costs White the game.} (17. Bxd7 $17 {is a better chance.} Qxd7 18. N2f3) 17... fxe6 $19 {Black is clearly winning.} 18. Qxe6+ Bf7 ({Less strong is} 18... Rf7 19. Bxd7 Qxd7 20. Qxd7 $19) 19. Qxd7 Qb6+ 20. Kh1 Nf6 {Accuracy: White = 40%, Black = 91%.} 0-1